00183nam a22000857a 4500020001500000100002000015245002200035260003200057300000800089 a0439235448 aBarbara Seuling aOh No Its Robert aNew YorkbScholastic c1999 a118